[Event "Mumbai Chess Capital op"]
[Site "Mumbai"]
[Date "2019.06.30"]
[Round "6"]
[White "Bhuta, Hriday"]
[Black "Joglekar, Abhijit"]
[Result "1-0"]
[WhiteElo "2027"]
[BlackElo "1650"]
[PlyCount "65"]
[EventDate "2019.06.29"]
[EventType "swiss"]
[EventRounds "7"]
[EventCountry "IND"]
[SourceTitle "CBM 191 Extra"]
[Source "ChessBase"]
[SourceDate "2019.09.30"]
[SourceVersion "1"]
[SourceVersionDate "2019.09.30"]
[SourceQuality "1"]

1. d4 Nf6 2. c4 e6 3. Nc3 Bb4 4. Qc2 c5 5. e3 cxd4 6. exd4 d5 7. Nf3 0-0 8. Bd3 dxc4 9. Bxc4 b6 10. Be3 Bb7 11. Qe2 Nbd7 12. 0-0 Re8 13. Ne5 Rc8 14. Rac1 Nf8 15. a3 Bd6 16. Bg5 h6 17. Bh4 N8h7 18. Nb5 Bb8 19. Rfd1 a6 20. Nc3 b5 21. Ba2 Qd6 22. Bg3 Qb6 23. Rc2 Rcd8 24. Rcd2 Ng5 25. Bh4 Nd5 26. Bxd5 Bxd5 27. Bxg5 hxg5 28. Qh5 Qc7 29. Rd3 g4 30. Nxd5 Rxd5 31. Qxg4 f6 32. Nf3 e5 33. Qe4 1-0

[Event "Budapest FS05 Nadassy"]
[Site "Budapest"]
[Date "2019.05.13"]
[Round "9.1"]
[White "Szalanczy, Emil"]
[Black "Bhuta, Hriday"]
[Result "0-1"]
[WhiteElo "2196"]
[BlackElo "2127"]
[PlyCount "92"]
[EventDate "2019.05.04"]
[EventType "schev"]
[EventRounds "10"]
[EventCountry "HUN"]
[SourceTitle "CBM 190 Extra"]
[Source "ChessBase"]
[SourceDate "2019.07.15"]
[SourceVersion "1"]
[SourceVersionDate "2019.07.15"]
[SourceQuality "1"]
[WhiteTeam "A Team Higher Elo"]
[BlackTeam "B Team Lower Elo"]
[WhiteTeamCountry "HUN"]
[BlackTeamCountry "HUN"]

1. e4 c5 2. Nf3 e6 3. d4 cxd4 4. Nxd4 a6 5. Nc3 Qc7 6. Bd3 Nf6 7. Qe2 d6 8. Bd2 b5 9. f4 Nbd7 10. g4 h6 11. h4 Bb7 12. a3 Be7 13. 0-0-0 Nc5 14. g5 Nfd7 15. Kb1 Nb6 16. g6 Bf6 17. Nb3 Nca4 18. e5 dxe5 19. gxf7+ Kf8 20. Nxa4 bxa4 21. Nc5 Bc8 22. Bb4 Be7 23. Bg6 Nd5 24. Qc4 Ra7 25. Rxd5 exd5 26. Qxd5 a5 27. fxe5 axb4 28. axb4 Bxc5 29. bxc5 Bb7 30. Qe6 Qe7 31. Rd1 Qxe6 32. Rd8+ Ke7 33. Rxh8 Qxf7 34. Bxf7 Kxf7 35. Rb8 Bc6 36. Ka2 Ke6 37. Rb6 Rc7 38. b4 axb3+ 39. cxb3 Kxe5 40. b4 Kd4 41. Kb3 Bd5+ 42. Ka4 Kc4 43. Ra6 Rb7 44. b5 Kxc5 45. Ra5 Kc4 46. h5 Rxb5 0-1

[Event "Budapest FS05 Nadassy"]
[Site "Budapest"]
[Date "2019.05.06"]
[Round "3.2"]
[White "Mayer, Istvan"]
[Black "Bhuta, Hriday"]
[Result "1-0"]
[WhiteElo "1894"]
[BlackElo "2127"]
[PlyCount "119"]
[EventDate "2019.05.04"]
[EventType "schev"]
[EventRounds "10"]
[EventCountry "HUN"]
[SourceTitle "CBM 190 Extra"]
[Source "ChessBase"]
[SourceDate "2019.07.15"]
[SourceVersion "1"]
[SourceVersionDate "2019.07.15"]
[SourceQuality "1"]
[WhiteTeam "A Team Higher Elo"]
[BlackTeam "B Team Lower Elo"]
[WhiteTeamCountry "HUN"]
[BlackTeamCountry "HUN"]

1. e4 c5 2. Nf3 e6 3. d4 cxd4 4. Nxd4 a6 5. g3 Qc7 6. Bg2 Nf6 7. 0-0 Nc6 8. c3 Be7 9. Nd2 0-0 10. Nc4 d5 11. Bf4 Qd8 12. exd5 Nxd5 13. Nxc6 bxc6 14. Ne5 Bb7 15. Qb3 Qc8 16. Bd2 Qc7 17. c4 Nf6 18. Nd3 Rab8 19. Bf4 Bd6 20. Bxd6 Qxd6 21. Rfd1 Qc7 22. Nc5 Bc8 23. Qc3 Nd7 24. Rxd7 Bxd7 25. Nxa6 Qb6 26. Nxb8 Rxb8 27. Rd1 Be8 28. c5 Qxb2 29. Qxb2 Rxb2 30. Bxc6 Rb8 31. Bxe8 Rxe8 32. c6 Kf8 33. Rc1 Ke7 34. c7 Kd7 35. c8Q+ Rxc8 36. Rxc8 Kxc8 37. Kg2 Kb7 38. Kf3 Kb6 39. Ke4 f6 40. Kd4 Kb5 41. h4 h5 42. f4 Kb4 43. a3+ Kxa3 44. Kc5 Kb3 45. Kd6 Kc3 46. Kxe6 Kd3 47. Kf7 Ke3 48. Kxg7 Kf3 49. Kxf6 Kxg3 50. Kg5 Kh3 51. f5 Kh2 52. Kxh5 Kh3 53. f6 Kh2 54. f7 Kg1 55. f8Q Kh1 56. Kg4 Kg2 57. Qf3+ Kh2 58. Qe2+ Kh1 59. Kg3 Kg1 60. Qg2# 1-0

[Event "India rating op"]
[Site "India"]
[Date "2019.02.03"]
[Round "10"]
[White "Gajwa, Ankit"]
[Black "Bhuta, Hriday"]
[Result "1-0"]
[WhiteElo "2102"]
[BlackElo "1479"]
[PlyCount "63"]
[EventDate "2019.02.03"]
[EventType "swiss"]
[EventRounds "11"]
[EventCountry "IND"]
[SourceTitle "EXT 2021"]
[Source "ChessBase"]
[SourceDate "2020.10.23"]
[SourceVersion "1"]
[SourceVersionDate "2020.10.23"]
[SourceQuality "1"]

1. e4 c5 2. Nf3 e6 3. d4 cxd4 4. Nxd4 a6 5. Nc3 Qc7 6. Bd3 Nf6 7. Qe2 d6 8. f4 Nbd7 9. g4 Nc5 10. g5 Nfd7 11. Bd2 b5 12. b4 Nxd3+ 13. cxd3 Be7 14. Rc1 Qb7 15. 0-0 g6 16. Rfe1 Nb8 17. Nb3 Nc6 18. Nd5 exd5 19. exd5 Nd8 20. Bc3 Rg8 21. Bf6 Ra7 22. Na5 Qd7 23. Bxe7 Qxe7 24. Qf2 Be6 25. dxe6 fxe6 26. Rc8 Rc7 27. Rxc7 Qxc7 28. Qd4 Qe7 29. Rc1 Kf7 30. Qb6 Kf8 31. Rc7 Qe8 32. Qxd6+ 1-0

[Event "Barcelona Sant Marti op-A 20th"]
[Site "Barcelona"]
[Date "2018.07.21"]
[Round "9"]
[White "Bhuta, Hriday"]
[Black "Minko, Dmitry"]
[Result "1/2-1/2"]
[WhiteElo "1650"]
[BlackElo "2085"]
[PlyCount "69"]
[EventDate "2018.07.13"]
[EventType "swiss"]
[EventRounds "9"]
[EventCountry "ESP"]
[SourceTitle "CBM 185 Extra"]
[Source "ChessBase"]
[SourceDate "2018.07.29"]
[SourceVersion "1"]
[SourceVersionDate "2018.07.29"]
[SourceQuality "1"]

1. d4 Nf6 2. c4 e6 3. Nc3 d5 4. cxd5 exd5 5. Bg5 c6 6. Qc2 Na6 7. a3 Nc7 8. e3 Be7 9. Bd3 Ne6 10. Bh4 g6 11. Nf3 Ng7 12. 0-0 Bf5 13. Bxf5 Nxf5 14. Bg5 0-0 15. Qb3 Qb6 16. Qc2 Rfe8 17. b4 a6 18. Ne5 Qd8 19. Na4 Nd7 20. Bxe7 Rxe7 21. Nxd7 Rxd7 22. Qc5 Re7 23. Qc2 Nd6 24. Nb2 Rc7 25. a4 a5 26. Qb3 axb4 27. Qxb4 b5 28. axb5 Rb8 29. b6 Rcb7 30. Na4 Nc4 31. h3 Ra8 32. Rfc1 Ra5 33. Qe1 Ra8 34. Qb4 Ra5 35. Qe1 1/2-1/2

[Event "Barcelona Sant Marti op-A 20th"]
[Site "Barcelona"]
[Date "2018.07.20"]
[Round "8"]
[White "Lacasta Palacio, Joaquim"]
[Black "Bhuta, Hriday"]
[Result "1/2-1/2"]
[WhiteElo "2105"]
[BlackElo "1650"]
[PlyCount "88"]
[EventDate "2018.07.13"]
[EventType "swiss"]
[EventRounds "9"]
[EventCountry "ESP"]
[SourceTitle "CBM 185 Extra"]
[Source "ChessBase"]
[SourceDate "2018.07.29"]
[SourceVersion "1"]
[SourceVersionDate "2018.07.29"]
[SourceQuality "1"]

1. g3 Nf6 2. Bg2 e6 3. f4 d5 4. Nf3 Bd6 5. 0-0 0-0 6. d3 c5 7. Qe1 Nc6 8. e4 dxe4 9. dxe4 e5 10. f5 Nd4 11. Na3 b6 12. c3 Nc6 13. h3 Ba6 14. Rf2 Bd3 15. Nd2 b5 16. Kh2 a6 17. Bf3 c4 18. g4 Nd7 19. Rg2 Be7 20. Nf1 Bg5 21. Ng3 Bxc1 22. Qxc1 Qh4 23. Qe3 h6 24. Nc2 Qg5 25. Qf2 Bxc2 26. Qxc2 Nc5 27. Be2 Rad8 28. Rd1 Rxd1 29. Qxd1 Rd8 30. Qg1 Nd3 31. Nh5 Nf4 32. Rf2 Nxh5 33. gxh5 Qxg1+ 34. Kxg1 Rd2 35. Bf1 Rxf2 36. Kxf2 Kf8 37. Ke3 Ke7 38. b3 cxb3 39. axb3 Na5 40. b4 Nc4+ 41. Kd3 Kd6 42. Be2 Kc6 43. Bg4 f6 44. Be2 Nd6 1/2-1/2

[Event "Mumbai Wealth op U13"]
[Site "Mumbai"]
[Date "2016.02.01"]
[Round "5"]
[White "Bhuta, Hriday"]
[Black "Vedant, Nitin Vekhande"]
[Result "1-0"]
[WhiteElo "1315"]
[BlackElo "1110"]
[PlyCount "51"]
[EventDate "2016.01.28"]
[EventType "swiss"]
[EventRounds "9"]
[EventCountry "IND"]
[SourceTitle "CBM 170 Extra"]
[Source "ChessBase"]
[SourceDate "2016.02.25"]
[SourceVersion "1"]
[SourceVersionDate "2016.02.25"]
[SourceQuality "1"]

1. d4 Nf6 2. e3 d5 3. Bd3 e6 4. Nd2 Be7 5. f4 0-0 6. Ngf3 Nbd7 7. 0-0 c6 8. c3 b6 9. Ne5 Qc7 10. Rf3 Rd8 11. Rh3 h6 12. Qf3 Bb7 13. Qg3 Kf8 14. f5 exf5 15. Ng6+ fxg6 16. Qxc7 Rab8 17. Qg3 Kf7 18. Nf3 Nf8 19. Ne5+ Kg8 20. Nxg6 Nxg6 21. Qxg6 Rf8 22. Bxf5 Kh8 23. e4 dxe4 24. Bxh6 Rf7 25. Bxg7+ Kg8 26. Rh8# 1-0

[Event "Mumbai Wealth op U13"]
[Site "Mumbai"]
[Date "2016.01.29"]
[Round "2"]
[White "Bhuta, Hriday"]
[Black "Gukesh, Dommaraju"]
[Result "0-1"]
[WhiteElo "1315"]
[BlackElo "2041"]
[PlyCount "120"]
[EventDate "2016.01.28"]
[EventType "swiss"]
[EventRounds "9"]
[EventCountry "IND"]
[SourceTitle "CBM 170 Extra"]
[Source "ChessBase"]
[SourceDate "2016.02.25"]
[SourceVersion "1"]
[SourceVersionDate "2016.02.25"]
[SourceQuality "1"]

1. d4 d5 2. c4 e6 3. Nc3 c6 4. e4 dxe4 5. Nxe4 Bb4+ 6. Nc3 c5 7. Nf3 Nf6 8. a3 Ba5 9. Bg5 Nc6 10. dxc5 Bxc3+ 11. bxc3 Qa5 12. Qc2 Qxc5 13. Be2 e5 14. 0-0 Nd7 15. Bd3 h6 16. Be3 Qe7 17. Rfe1 0-0 18. c5 Nxc5 19. Bb5 Bd7 20. Bxc6 Bxc6 21. Bxc5 Qxc5 22. Nxe5 Rfe8 23. Nxc6 Qxc6 24. Rad1 Rad8 25. h3 g6 26. Qb3 Rxd1 27. Qxd1 Rxe1+ 28. Qxe1 Qc5 29. Qc1 h5 30. Qb2 b6 31. Kf1 Qd5 32. Kg1 Qc4 33. Qb4 Qc6 34. Qd4 Qc7 35. Qb4 a5 36. Qd4 Kf8 37. a4 Ke8 38. Qe3+ Kd8 39. Kf1 Kc8 40. Qe8+ Kb7 41. Qe4+ Ka7 42. Qd4 Qc6 43. Kg1 Qe6 44. Kf1 Kb7 45. Kg1 Kc6 46. Kf1 Qd5 47. Qf6+ Qd6 48. Qf3+ Kc5 49. Qe3+ Kc4 50. Ke2 Qe6 51. Qxe6+ fxe6 52. Kd2 Kb3 53. Kd3 Kxa4 54. Kc4 b5+ 55. Kc5 b4 56. cxb4 axb4 57. Kc4 b3 58. Kc3 Ka3 59. Kd2 b2 60. Kc2 Ka2 0-1